Diccionario ilustrado latín: latino-español, español-latino
Saved in:
| Format: | Bog |
|---|---|
| Sprog: | spansk latin |
| Udgivet: |
Barcelona, España:
Vox,
2001.
|
| Udgivelse: | 21a. ed |
| Fag: | |
| Tags: |
Tilføj Tag
Ingen Tags, Vær først til at tagge denne postø!
|
MARC
| LEADER | 00000nam a2200000 a 4500 | ||
|---|---|---|---|
| 001 | UCM5005 | ||
| 003 | CL-VaPUC | ||
| 005 | 20240820143943.0 | ||
| 008 | 020927e20010000SP |||||||||||||||||spa|d | ||
| 999 | |c 301308 |d 301306 | ||
| 020 | |a 8483321947 | ||
| 040 | |c Pontificia Universidad Católica de Valparaíso | ||
| 041 | 0 | 7 | |a spa |2 CL-VaPUC |
| 041 | 0 | 7 | |a lat |2 CL-VaPUC |
| 082 | 0 | 4 | |a 473.61 |b DIC |2 21 |
| 245 | 1 | 0 | |a Diccionario ilustrado latín: latino-español, español-latino |
| 250 | |a 21a. ed | ||
| 260 | |a Barcelona, España: |b Vox, |c 2001. | ||
| 300 | |a 715 páginas | ||
| 500 | |a Incluye un Apéndice: Resumen de Gramática Latina, lista de las Diócesis de España y de las más importantes de otras naciones | ||
| 583 | |a last modification |c 20020927 00:00:00 |k Rodrigo Vera | ||
| 650 | 0 | |a Lengua latina |v Diccionario |x Español - Latín |9 347368 | |
| 942 | |c BK |2 ddc | ||
| 945 | |d 20020927 00:00:00 |a vberengu | ||
| 952 | |0 0 |1 0 |4 0 |6 473_610000000000000_DIC_2001 |7 0 |8 F |9 360141 |a BIBTEO |b BIBTEO |d 2019-11-21 |i 3840557 |l 8 |o 473.61 DIC 2001 |p 3840557 |r 2025-01-17 |s 2022-08-31 |w 2019-11-21 |y BK_F |k ICR | ||
| 952 | |0 0 |1 0 |2 ddc |4 0 |6 473_610000000000000_DIC_2001 |7 0 |8 X |9 360142 |a BIBTEO |b BIBTEO |d 2019-11-21 |i 3840565 |l 18 |o 473.61 DIC 2001 |p 3840565 |r 2025-01-17 |s 2024-10-02 |w 2019-11-21 |y BK_F |k ICR | ||
| 952 | |0 0 |1 0 |2 ddc |4 0 |6 473_610000000000000_DIC_2001 |7 0 |8 X |9 360143 |a BIBTEO |b BIBTEO |d 2019-11-21 |i 3977978 |l 7 |o 473.61 DIC 2001 |p 3977978 |r 2025-01-17 |s 2024-10-09 |w 2019-11-21 |y BK_F |k ICR | ||
| 952 | |0 0 |1 0 |4 0 |6 473_610000000000000_DIC_2001 |7 0 |8 X |9 360144 |a BIBHIS |b BIBHIS |d 2019-11-21 |i 4103416 |l 1 |o 473.61 DIC 2001 |p 4103416 |r 2024-01-30 |s 2023-04-25 |w 2019-11-21 |y BK_X |k HIS | ||
| 952 | |0 0 |1 0 |4 0 |6 473_610000000000000_DIC_2001 |7 0 |8 X |9 360145 |a BIBHIS |b BIBHIS |d 2019-11-21 |i 4179870 |o 473.61 DIC 2001 |p 4179870 |r 2024-01-30 |w 2019-11-21 |y BK_X |k HIS | ||
| 952 | |0 0 |1 0 |4 0 |6 473_610000000000000_DIC_2001 |7 0 |8 X |9 360146 |a BIBHIS |b BIBHIS |d 2019-11-21 |i 4179889 |o 473.61 DIC 2001 |p 4179889 |r 2024-01-30 |w 2019-11-21 |y BK_X |k HIS | ||
| 952 | |0 0 |1 0 |2 ddc |4 0 |6 473_610000000000000_DIC |7 0 |8 F |9 599857 |a BIBTEO |b BIBTEO |c REF |d 2025-01-23 |i 5608023 |o 473.61 DIC |p 5608023 |r 2025-01-23 |t 7 |w 2025-01-23 |y BK_F |k ICR | ||